Movie Title Vocabulary Quiz #1 - Statistics

General Stats
  • This quiz has been taken 59,806 times
    45,103 since last reset
  • The average score is 12 of 20
Answer Stats
Definition Word % Correct
Fighter in an ancient Roman arena Gladiator
95%
Square root of 49 Seven
91%
Automobile accident Crash
89%
Foreigner or extraterrestrial Alien
87%
Velocity Speed
87%
Money paid to a kidnapper Ransom
86%
Slang for tornado Twister
80%
Dormitory accomodations for young travelers Hostel
67%
Beam of light Ray
64%
What an elevator travels through Shaft
62%
Traditional French stewed vegetable dish Ratatouille
57%
Period at dawn or dusk Twilight
55%
Software that blocks dangerous network traffic Firewall
51%
Sensation of dizziness Vertigo
49%
Used to connect a trailer to a truck Hitch
46%
Auto lubricant Grease
41%
Subdivision of a military company Platoon
36%
Apocalypse Armageddon
35%
Slang for U.S. Marine Jarhead
35%
Police inducement to commit a crime Entrapment
28%
No matching quizzes found
Score Distribution
Percent of People with Each Score
Percentile by Number Answered
Your Score History
You have not taken this quiz since the last reset